| 000 | 00623 a2200181 4500 | ||
|---|---|---|---|
| 999 |
_c5597 _d5597 |
||
| 010 | _aENG-86940 | ||
| 020 |
_a0195688600 _c195.00 |
||
| 035 | _aEN-70473 | ||
| 037 | _bDBAD / PUB | ||
| 082 | 1 | 4 | _a881 |
| 100 | 1 | _aPalke, Rajiv S. | |
| 245 | 1 |
_aPostcolonial poetry in english / _cby Rajeev S. Patke |
|
| 260 |
_aNew Delhi _bOxford University Press _c2007 |
||
| 270 |
_aY.M.C.A . Library building, Jai Singh Road, _bNew Delhi _e110 001 |
||
| 300 |
_axii, 267 p _c21 cm. (Pbk) |
||
| 490 | _aOxford Studies in Postcolonial Literatures in English / edited by Elleke Boehmer | ||
| 942 |
_adpl _cEN _2ddc _h881 _mPAL |
||